The autobiography of Malcom X

Gardado en:
Detalles Bibliográficos
Autor Principal: Malcom X
Formato: Libro
Idioma:Undetermined
Publicado: New York, Estados Unidos Grove Press 1966
Materias:
Etiquetas: Engadir etiqueta
Sen Etiquetas, Sexa o primeiro en etiquetar este rexistro!

MARC

LEADER 00000nam a2200000Ia 4500
008 170316s9999 xx 000 0 und d
040 |a cru BVZT 
090 |a B-810 M-3a 
100 |a Malcom X 
245 4 |a The autobiography of Malcom X 
260 |a New York, Estados Unidos 
260 |b Grove Press 
260 |c 1966 
300 |a 460 páginas 
650 |a LITERATURA ESTADOUNIDENSE 
650 |a BIOGRAFÍA 
999 |c 12685  |d 12685 
942 |c 15 D  |h B-810 M-3a  |2 z